| 000 | 01474cam a2200385Ii 4500 | ||
|---|---|---|---|
| 001 | 9780203714027 | ||
| 008 | 180706s2010 enk ob 001 0 eng d | ||
| 020 |
_a9780203714027 _q(e-book : PDF) |
||
| 020 |
_a9781135116330 _q(e-book: ePub) |
||
| 020 |
_a9781135116415 _q(e-book: Mobi) |
||
| 020 |
_z9781843118848 _q(hardback) |
||
| 024 | 7 |
_a10.4324/9780203714027 _2doi |
|
| 040 |
_aKO _beng |
||
| 041 | 0 | _aeng | |
| 082 | 0 | 4 |
_a345.0264 _bT635 |
| 100 | 1 |
_aTodd, Paul, _d1954-, _eauthor. |
|
| 245 | 1 | 0 |
_aMaritime fraud and piracy / _cby Paul Todd. |
| 250 | _aSecond edition. | ||
| 264 | 1 |
_aLondon : _bLloyd's List, _c2010. |
|
| 300 | _a1 online resource (xxxiv, 329 pages) | ||
| 490 | 1 | _aMaritime and transport law library | |
| 505 | 0 | _a1. Piracy today -- 2. Introduction to maritime fraud : issues particular to maritime fraud -- 3. Maritime fraud and the sale contract -- 4. Maritime fraud and the banks -- 5. Maritime fraud and carriers -- 6. Maritime fraud and marine insurance -- 7. Maritime fraud and technology. | |
| 650 | 0 | _aMaritime terrorism. | |
| 650 | 0 | _aPiracy. | |
| 650 | 0 | _aFraud. | |
| 650 | 0 | _aHijacking of ships. | |
| 650 | 0 | _aFreight and freightage. | |
| 650 | 0 |
_aMarine insurance _xLaw and legislation. |
|
| 650 | 0 | _aContracts, Maritime. | |
| 830 | 0 | _aMaritime and transport law library. | |
| 856 | 4 | 0 |
_uhttps://www.taylorfrancis.com/books/9781135116255 _zClick here to view. |
| 904 | _aRUDRA_R | ||
| 905 | _aR_RANJAN | ||
| 942 | _cEB | ||
| 999 |
_c2994 _d2994 |
||